| 000 | 00494nam a2200169Ia 4500 | ||
|---|---|---|---|
| 999 |
_c25583 _d25583 |
||
| 003 | OSt | ||
| 005 | 20201119095202.0 | ||
| 008 | 190216s9999||||xx |||||||||||||| ||und|| | ||
| 040 | _coclc | ||
| 082 |
_a920 _bRAJ/M |
||
| 100 |
_aRajendran, Vilakkudy _96745 |
||
| 245 | 0 |
_aMahacharithamaala / _cVilakkudy Rajendran |
|
| 260 |
_bKairali Childrens Book Trust, _aKottayam: _c1984. |
||
| 300 | _a100p | ||
| 650 | _aJeeva Charithram | ||
| 942 |
_cBK _2ddc _h920 _iRAJ/M _k920 _mRAJ/M |
||